000 00595nam a2200217 a 4500
001 86213
003 BD-RjUL
005 20260225113710.0
008 260225s2011 ii ||||| |||| 00| 0 eng d
020 _a9788131796917
035 _a(BD-RjUL)86213
040 _aBD-RjUL
_beng
_cBD-RjUL
041 _aeng
082 _223
_a658.8
_bBAC 2011
100 _aBalakrishna, Sidharth
_917796
245 _aCase Studies in Marketing /
_cSidharth Balakrishna
260 _aNodia :
_bPearson,
_c2011
300 _ax,154 p.:
_bill.;
_c24 cm.
650 _aMarketing
_xCase studies
_917797
942 _2ddc
_cBK
999 _c86213
_d86213